[Event "V Open Escacs Xàtiva"]
[Site "Xàtiva, Spain"]
[Date "2019.07.16"]
[Round "3.5"]
[White "Lluch Ventura, Enrique"]
[Black "Hassomal Daswani, Birjkumar"]
[Result "0-1"]
[WhiteElo "1726"]
[BlackElo "1994"]
[PlyCount "108"]
[EventDate "2019.??.??"]

1. d4 {[%clk 01:30:56]  [%emt 00:00:02]} 1... g6 {
[%clk 01:30:19]  [%emt 00:00:42]} 2. Bf4 {[%clk 01:30:54]  [%emt 00:00:31]}
2... d6 {[%clk 01:30:22]  [%emt 00:00:27]} 3. e3 {
[%clk 01:30:56]  [%emt 00:00:29]} 3... Bg7 {[%clk 01:30:46]  [%emt 00:00:05]}
4. Nf3 {[%clk 01:31:20]  [%emt 00:00:06]} 4... Nf6 {
[%clk 01:31:03]  [%emt 00:00:13]} 5. c4 {[%clk 01:31:35]  [%emt 00:00:15]} 5...
O-O {[%clk 01:31:17]  [%emt 00:00:16]} 6. Be2 {[%clk 01:31:55]  [%emt 00:00:10]
} 6... Nc6 {[%clk 01:30:44]  [%emt 00:01:03]} 7. Nc3 {
[%clk 01:31:25]  [%emt 00:01:01]} 7... Nd7 {[%clk 01:30:31]  [%emt 00:00:42]}
8. O-O {[%clk 01:29:59]  [%emt 00:01:55]} 8... e5 {
[%clk 01:30:12]  [%emt 00:00:50]} 9. Bg3 {[%clk 01:29:36]  [%emt 00:00:52]}
9... h6 {[%clk 01:29:19]  [%emt 00:01:23]} 10. Rc1 {
[%clk 01:28:32]  [%emt 00:01:35]} 10... f5 {[%clk 01:29:17]  [%emt 00:00:32]}
11. dxe5 {[%clk 01:25:26]  [%emt 00:03:36]} 11... dxe5 {
[%clk 01:28:30]  [%emt 00:01:18]} 12. Nd5 {[%clk 01:25:18]  [%emt 00:00:37]}
12... g5 {[%clk 01:27:30]  [%emt 00:01:30]} 13. h3 {
[%clk 01:22:08]  [%emt 00:03:40]} 13... f4 {[%clk 01:27:47]  [%emt 00:00:14]}
14. Bh2 {[%clk 01:21:19]  [%emt 00:01:19]} 14... Ne7 {
[%clk 01:27:53]  [%emt 00:00:24]} 15. e4 {[%clk 01:17:07]  [%emt 00:04:41]}
15... c6 {[%clk 01:27:26]  [%emt 00:00:58]} 16. Nxe7+ {
[%clk 01:16:59]  [%emt 00:00:38]} 16... Qxe7 {[%clk 01:27:40]  [%emt 00:00:15]}
17. Ne1 {[%clk 01:14:36]  [%emt 00:02:53]} 17... Nf6 {
[%clk 01:27:17]  [%emt 00:00:54]} 18. Bf3 {[%clk 01:12:46]  [%emt 00:02:19]}
18... Be6 {[%clk 01:27:27]  [%emt 00:00:21]} 19. Qe2 {
[%clk 01:11:32]  [%emt 00:01:44]} 19... Rad8 {[%clk 01:27:28]  [%emt 00:00:29]}
20. Nc2 {[%clk 01:10:30]  [%emt 00:01:31]} 20... Qf7 {
[%clk 01:26:30]  [%emt 00:01:29]} 21. b3 {[%clk 01:05:12]  [%emt 00:05:48]}
21... h5 {[%clk 01:26:10]  [%emt 00:00:50]} 22. g4 {
[%clk 01:02:26]  [%emt 00:03:16]} 22... Rfe8 {[%clk 01:24:30]  [%emt 00:02:10]}
23. Rcd1 {[%clk 01:01:25]  [%emt 00:01:31]} 23... Bf8 {
[%clk 01:24:47]  [%emt 00:00:13]} 24. Rxd8 {[%clk 01:00:07]  [%emt 00:01:48]}
24... Rxd8 {[%clk 01:24:38]  [%emt 00:00:39]} 25. Rd1 {
[%clk 01:00:03]  [%emt 00:00:34]} 25... Rd7 {[%clk 01:24:59]  [%emt 00:00:09]}
26. Ne1 {[%clk 00:53:20]  [%emt 00:07:12]} 26... Rxd1 {
[%clk 01:23:26]  [%emt 00:02:04]} 27. Qxd1 {[%clk 00:53:47]  [%emt 00:00:03]}
27... hxg4 {[%clk 01:23:28]  [%emt 00:00:29]} 28. hxg4 {
[%clk 00:52:35]  [%emt 00:01:40]} 28... Bc5 {[%clk 01:22:32]  [%emt 00:01:26]}
29. Qd8+ {[%clk 00:50:34]  [%emt 00:02:31]} 29... Kg7 {
[%clk 01:21:45]  [%emt 00:01:17]} 30. Qb8 {[%clk 00:47:19]  [%emt 00:03:48]}
30... Bd4 {[%clk 01:20:22]  [%emt 00:01:51]} 31. Nd3 {
[%clk 00:46:56]  [%emt 00:00:52]} 31... Bxg4 {[%clk 01:16:31]  [%emt 00:04:20]}
32. Nxe5 {[%clk 00:39:01]  [%emt 00:08:26]} 32... Bxe5 {
[%clk 01:16:42]  [%emt 00:00:19]} 33. Qxe5 {[%clk 00:39:20]  [%emt 00:00:11]}
33... Bxf3 {[%clk 01:16:48]  [%emt 00:00:23]} 34. Qxg5+ {
[%clk 00:38:44]  [%emt 00:01:06]} 34... Qg6 {[%clk 01:17:06]  [%emt 00:00:12]}
35. Bxf4 {[%clk 00:38:57]  [%emt 00:00:17]} 35... Qxg5+ {
[%clk 01:16:07]  [%emt 00:01:29]} 36. Bxg5 {[%clk 00:39:25]  [%emt 00:00:02]}
36... Nxe4 {[%clk 01:16:23]  [%emt 00:00:14]} 37. Be3 {
[%clk 00:38:15]  [%emt 00:01:40]} 37... c5 {[%clk 01:16:21]  [%emt 00:00:33]}
38. a3 {[%clk 00:35:14]  [%emt 00:03:31]} 38... Kf6 {
[%clk 01:15:50]  [%emt 00:01:01]} 39. b4 {[%clk 00:33:59]  [%emt 00:01:45]}
39... b6 {[%clk 01:16:07]  [%emt 00:00:14]} 40. Bf4 {
[%clk 00:32:17]  [%emt 00:02:10]} 40... cxb4 {[%clk 01:12:49]  [%emt 00:03:49]}
41. axb4 {[%clk 00:32:09]  [%emt 00:00:37]} 41... a5 {
[%clk 01:13:09]  [%emt 00:00:10]} 42. bxa5 {[%clk 00:29:43]  [%emt 00:02:56]}
42... bxa5 {[%clk 01:13:32]  [%emt 00:00:07]} 43. Kf1 {
[%clk 00:29:40]  [%emt 00:00:31]} 43... a4 {[%clk 01:13:50]  [%emt 00:00:13]}
44. Bc1 {[%clk 00:29:50]  [%emt 00:00:21]} 44... Ke6 {
[%clk 01:13:59]  [%emt 00:00:22]} 45. Ke1 {[%clk 00:29:35]  [%emt 00:00:44]}
45... Kd6 {[%clk 01:13:32]  [%emt 00:00:57]} 46. Ba3+ {
[%clk 00:29:42]  [%emt 00:00:23]} 46... Kc6 {[%clk 01:13:44]  [%emt 00:00:18]}
47. Bb4 {[%clk 00:27:29]  [%emt 00:02:43]} 47... Kd7 {
[%clk 01:05:59]  [%emt 00:08:15]} 48. Ba3 {[%clk 00:24:10]  [%emt 00:03:49]}
48... Nc3 {[%clk 01:05:58]  [%emt 00:00:30]} 49. Bb4 {
[%clk 00:19:32]  [%emt 00:05:07]} 49... Nb1 {[%clk 01:06:23]  [%emt 00:00:07]}
50. Bf8 {[%clk 00:19:07]  [%emt 00:00:54]} 50... Ke6 {
[%clk 01:06:45]  [%emt 00:00:09]} 51. c5 {[%clk 00:16:18]  [%emt 00:03:19]}
51... Kd5 {[%clk 01:06:23]  [%emt 00:00:52]} 52. Be7 {
[%clk 00:15:55]  [%emt 00:00:52]} 52... Kc6 {[%clk 01:06:39]  [%emt 00:00:15]}
53. Bf8 {[%clk 00:14:35]  [%emt 00:01:50]} 53... a3 {
[%clk 01:06:58]  [%emt 00:00:11]} 54. Bg7 {[%clk 00:14:57]  [%emt 00:00:08]}
54... a2 {[%clk 01:07:18]  [%emt 00:00:10]} 0-1

[Event "V Open Escacs Xàtiva"]
[Site "Xàtiva, Spain"]
[Date "2019.07.16"]
[Round "3.6"]
[White "Crespo Calatayud, Santiago"]
[Black "Galindo Montoya, Diego"]
[Result "1-0"]
[WhiteElo "1758"]
[BlackElo "1905"]
[PlyCount "59"]
[EventDate "2019.??.??"]

1. d4 {[%clk 01:30:30]  [%emt 02:07:03]} 1... d5 {
[%clk 01:22:03]  [%emt 00:09:09]} 2. Bf4 {[%clk 01:30:53]  [%emt 00:00:07]}
2... Nf6 {[%clk 01:22:10]  [%emt 00:00:22]} 3. e3 {
[%clk 01:30:27]  [%emt 00:00:56]} 3... c5 {[%clk 01:22:23]  [%emt 00:00:18]} 4.
c3 {[%clk 01:30:20]  [%emt 00:00:36]} 4... Nc6 {
[%clk 01:22:39]  [%emt 00:00:14]} 5. Nd2 {[%clk 01:30:13]  [%emt 00:00:37]}
5... e6 {[%clk 01:22:56]  [%emt 00:00:13]} 6. Bd3 {
[%clk 01:30:10]  [%emt 00:00:32]} 6... Qb6 {[%clk 01:19:31]  [%emt 00:03:55]}
7. Rb1 {[%clk 01:24:26]  [%emt 00:06:15]} 7... Bd7 {
[%clk 01:14:18]  [%emt 00:05:43]} 8. h3 {[%clk 01:23:27]  [%emt 00:01:29]} 8...
g6 {[%clk 01:07:15]  [%emt 00:07:34]} 9. Ngf3 {[%clk 01:19:07]  [%emt 00:04:49]
} 9... Nh5 {[%clk 00:59:15]  [%emt 00:08:29]} 10. Bh2 {
[%clk 01:19:06]  [%emt 00:00:32]} 10... Be7 {[%clk 00:57:43]  [%emt 00:02:01]}
11. O-O {[%clk 01:13:24]  [%emt 00:06:13]} 11... Ng7 12. b4 {[%clk 01:13:24]}
12... c4 13. Bc2 {[%clk 01:13:24]} 13... f6 14. e4 {[%clk 01:13:24]} 14... O-O
15. Re1 {[%clk 01:13:24]} 15... Rae8 16. Nf1 {[%clk 01:13:24]} 16... Nd8 17.
Ne3 {[%clk 01:13:24]} 17... dxe4 18. Bxe4 {[%clk 01:13:24]} 18... Qa6 19. Ra1 {
[%clk 01:13:24]} 19... Ba4 20. Bc2 {[%clk 01:13:24]} 20... Bxc2 21. Qxc2 {
[%clk 01:13:24]} 21... Nf7 22. Nd2 {[%clk 01:13:24]} 22... Qc6 23. Ndxc4 {
[%clk 01:13:24]} 23... Rc8 24. Rac1 {[%clk 01:13:24]} 24... b5 25. Na5 {
[%clk 01:13:24]} 25... Qd7 26. Qe2 {[%clk 01:13:24]} 26... Bd6 27. Nb3 {
[%clk 01:13:24]} 27... Bxh2+ 28. Kxh2 {[%clk 01:13:24]} 28... Qd6+ 29. Kg1 {
[%clk 01:13:24]} 29... Nh5 30. Qxb5 {[%clk 01:13:24]} 1-0

[Event "V Open Escacs Xàtiva"]
[Site "Xàtiva, Spain"]
[Date "2019.07.16"]
[Round "3.7"]
[White "Albuixech Soler, Sergi"]
[Black "Sancho Ferrer, Juan Vicente"]
[Result "0-1"]
[WhiteElo "1302"]
[BlackElo "1898"]
[PlyCount "92"]
[EventDate "2019.??.??"]

1. e4 {[%clk 01:30:57]  [%emt 00:00:04]} 1... g6 {
[%clk 01:30:59]  [%emt 00:00:16]} 2. d4 {[%clk 01:30:56]  [%emt 00:00:18]} 2...
Bg7 {[%clk 01:31:18]  [%emt 00:00:16]} 3. Nc3 {[%clk 01:31:17]  [%emt 00:00:15]
} 3... a6 {[%clk 01:31:25]  [%emt 00:00:08]} 4. Nf3 {
[%clk 01:31:18]  [%emt 00:00:40]} 4... d6 {[%clk 01:31:32]  [%emt 00:00:18]} 5.
Be3 {[%clk 01:31:29]  [%emt 00:01:01]} 5... b5 {[%clk 01:31:47]} 6. Bd3 {
[%clk 01:30:59]  [%emt 00:00:27]} 6... Bb7 {[%clk 01:31:59]  [%emt 00:00:46]}
7. O-O {[%clk 01:30:28]  [%emt 00:00:57]} 7... Nd7 {[%clk 01:32:16]} 8. Qd2 {
[%clk 01:28:59]  [%emt 00:02:10]} 8... e6 {[%clk 01:31:50]  [%emt 00:00:35]} 9.
Rfe1 {[%clk 01:26:33]  [%emt 00:02:58]} 9... h6 {
[%clk 01:32:04]  [%emt 00:00:20]} 10. Rad1 {[%clk 01:26:18]  [%emt 00:01:08]}
10... Ne7 {[%clk 01:32:19]} 11. Bf4 {[%clk 01:22:32]  [%emt 00:04:06]} 11... g5
{[%clk 01:32:14]  [%emt 00:01:05]} 12. Bg3 {[%clk 01:21:44]  [%emt 00:00:49]}
12... O-O {[%clk 01:32:05]  [%emt 00:00:45]} 13. Qe2 {
[%clk 01:19:56]  [%emt 00:02:06]} 13... Nf6 {[%clk 01:31:22]  [%emt 00:01:13]}
14. e5 {[%clk 01:19:24]  [%emt 00:01:03]} 14... Nh5 {
[%clk 01:30:40]  [%emt 00:01:13]} 15. Be4 {[%clk 01:15:25]  [%emt 00:04:34]}
15... Bxe4 {[%clk 01:30:02]  [%emt 00:01:03]} 16. Qxe4 {
[%clk 01:14:16]  [%emt 00:01:37]} 16... Nxg3 {[%clk 01:30:07]  [%emt 00:00:29]}
17. hxg3 {[%clk 01:14:22]  [%emt 00:00:20]} 17... d5 {
[%clk 01:30:34]  [%emt 00:00:11]} 18. Qd3 {[%clk 01:10:58]  [%emt 00:03:48]}
18... Rc8 {[%clk 01:30:42]  [%emt 00:00:37]} 19. Ne2 {
[%clk 01:08:55]  [%emt 00:02:43]} 19... c5 {[%clk 01:30:31]  [%emt 00:00:13]}
20. c3 {[%clk 01:09:01]  [%emt 00:00:39]} 20... Qb6 {
[%clk 01:30:29]  [%emt 00:00:21]} 21. Nh2 {[%clk 01:05:15]  [%emt 00:04:15]}
21... f5 {[%clk 01:27:19]  [%emt 00:03:42]} 22. Kh1 {
[%clk 01:03:32]  [%emt 00:02:08]} 22... a5 {[%clk 01:27:04]  [%emt 00:01:06]}
23. g4 {[%clk 01:02:01]  [%emt 00:01:41]} 23... b4 {
[%clk 01:23:55]  [%emt 00:03:40]} 24. Rb1 {[%emt 00:02:37]} 24... a4 {
[%clk 01:22:47]  [%emt 00:01:07]} 25. a3 {[%clk 00:58:08]  [%emt 00:02:49]}
25... Nc6 {[%clk 01:16:56]  [%emt 00:06:18]} 26. Red1 {
[%clk 00:56:57]  [%emt 00:01:40]} 26... cxd4 {[%clk 01:15:01]  [%emt 00:02:31]}
27. cxd4 {[%clk 00:55:23]  [%emt 00:01:57]} 27... Na5 {
[%clk 01:15:11]  [%emt 00:00:31]} 28. Ng3 {[%clk 00:51:10]  [%emt 00:04:30]}
28... f4 {[%clk 01:13:22]  [%emt 00:02:28]} 29. Nh5 {
[%clk 00:51:29]  [%emt 00:00:07]} 29... Kf7 {[%clk 01:12:37]  [%emt 00:01:43]}
30. g3 {[%clk 00:49:10]  [%emt 00:02:19]} 30... b3 {
[%clk 01:11:58]  [%emt 00:01:25]} 31. gxf4 {[%clk 00:48:11]  [%emt 00:01:13]}
31... Rc2 {[%clk 01:11:50]  [%emt 00:00:37]} 32. Rd2 {
[%clk 00:46:09]  [%emt 00:02:32]} 32... Rfc8 {[%clk 01:06:09]  [%emt 00:06:12]}
33. fxg5 {[%clk 00:43:17]  [%emt 00:03:24]} 33... hxg5 {
[%clk 01:05:57]  [%emt 00:00:38]} 34. Qf3+ {[%clk 00:42:28]  [%emt 00:01:21]}
34... Kg8 {[%clk 01:05:19]  [%emt 00:01:08]} 35. Rd3 {
[%clk 00:39:12]  [%emt 00:04:10]} 35... Rf8 {[%clk 01:04:53]  [%emt 00:00:31]}
36. Nf6+ {[%clk 00:37:18]  [%emt 00:02:24]} 36... Bxf6 {
[%clk 01:05:14]  [%emt 00:00:11]} 37. exf6 {[%clk 00:37:42]  [%emt 00:00:24]}
37... Qd8 {[%clk 01:05:27]} 38. Qe3 {[%clk 00:37:16]  [%emt 00:00:55]} 38...
Qxf6 {[%clk 01:05:00]  [%emt 00:00:55]} 39. f3 {
[%clk 00:37:35]  [%emt 00:00:18]} 39... Nc4 {[%clk 01:05:19]  [%emt 00:00:05]}
40. Qe1 {[%clk 00:36:59]  [%emt 00:01:25]} 40... Kg7 {
[%clk 01:01:18]  [%emt 00:00:51]} 41. Rc3 {[%clk 00:37:28]} 41... Rh8 {
[%emt 00:05:20]} 42. Rxc2 {[%clk 00:34:55]  [%emt 00:02:14]} 42... bxc2 {
[%clk 01:01:08]  [%emt 00:00:04]} 43. Rc1 {[%clk 00:35:16]  [%emt 00:00:07]}
43... Qf4 {[%clk 01:01:26]  [%emt 00:00:28]} 44. Rxc2 {[%emt 00:02:54]} 44...
Qxf3+ 45. Kg1 Qf6 46. Qc3 {[%emt 00:00:32]} 46... Rf8 {[%emt 00:00:18]} 0-1

[Event "V Open Escacs Xàtiva"]
[Site "Xàtiva, Spain"]
[Date "2019.07.16"]
[Round "3.8"]
[White "Cebolla Ruiz, Anna"]
[Black "Soriano Folch, Jonathan"]
[Result "0-1"]
[WhiteElo "1116"]
[BlackElo "1874"]
[PlyCount "40"]
[EventDate "2019.??.??"]

1. d4 {[%clk 01:30:57]} 1... g6 {[%clk 01:29:20]  [%emt 00:01:35]} 2. c4 {
[%clk 01:30:44]  [%emt 00:00:44]} 2... Bg7 {[%clk 01:29:46]  [%emt 00:00:09]}
3. Nf3 {[%clk 01:30:32]  [%emt 00:01:07]} 3... Nf6 {
[%clk 01:28:58]  [%emt 00:00:47]} 4. Nc3 {[%clk 01:29:58]  [%emt 00:01:06]}
4... d5 {[%clk 01:27:58]  [%emt 00:01:28]} 5. Bg5 {
[%clk 01:26:35]  [%emt 00:04:01]} 5... c6 {[%clk 01:25:16]  [%emt 00:03:05]} 6.
Bxf6 {[%clk 01:21:08]  [%emt 00:05:58]} 6... Bxf6 {
[%clk 01:24:38]  [%emt 00:01:10]} 7. e4 {[%clk 01:17:39]  [%emt 00:03:58]} 7...
dxe4 {[%clk 01:21:20]  [%emt 00:03:45]} 8. Nxe4 {
[%clk 01:16:19]  [%emt 00:02:26]} 8... Qa5+ {[%clk 01:21:43]} 9. Nc3 {
[%clk 01:15:08]  [%emt 00:01:12]} 9... c5 {[%clk 01:17:00]  [%emt 00:05:29]}
10. Be2 {[%clk 01:09:45]  [%emt 00:05:42]} 10... cxd4 {
[%clk 01:10:57]  [%emt 00:06:29]} 11. Nxd4 {[%clk 01:09:44]  [%emt 00:00:49]}
11... Nc6 {[%clk 01:09:22]  [%emt 00:01:45]} 12. Nxc6 {
[%clk 00:58:56]  [%emt 00:12:10]} 12... Bxc3+ {[%clk 01:09:18]} 13. bxc3 {
[%clk 00:59:04]  [%emt 00:00:08]} 13... Qxc3+ {[%clk 01:09:04]  [%emt 00:00:48]
} 14. Kf1 {[%clk 00:58:28]  [%emt 00:00:59]} 14... bxc6 {
[%clk 01:09:04]  [%emt 00:01:03]} 15. Bf3 {[%clk 00:55:46]  [%emt 00:02:41]}
15... O-O {[%clk 01:06:01]  [%emt 00:03:29]} 16. Bxc6 {
[%clk 00:53:14]  [%emt 00:03:05]} 16... Qxc4+ {[%clk 01:06:15]  [%emt 00:00:15]
} 17. Qe2 {[%clk 00:52:02]  [%emt 00:01:42]} 17... Qxc6 {
[%clk 01:06:25]  [%emt 00:00:41]} 18. Qxe7 {[%clk 00:52:15]  [%emt 00:00:11]}
18... Ba6+ {[%clk 01:04:20]  [%emt 00:02:23]} 19. Kg1 {
[%clk 00:51:33]  [%emt 00:01:09]} 19... Qc3 {[%clk 01:04:30]  [%emt 00:00:43]}
20. Rb1 {[%clk 00:47:49]  [%emt 00:03:50]} 20... Rfe8 {
[%clk 01:03:01]  [%emt 00:02:01]} 0-1

[Event "V Open Escacs Xàtiva"]
[Site "Xàtiva, Spain"]
[Date "2019.07.16"]
[Round "3.9"]
[White "Custard Gasco, Daniela Brenda"]
[Black "Perez Mas, Jose Manuel"]
[Result "1/2-1/2"]
[WhiteElo "1811"]
[BlackElo "1711"]
[PlyCount "64"]
[EventDate "2019.??.??"]

1. e4 {[%clk 01:30:56]  [%emt 00:00:07]} 1... c5 {
[%clk 01:30:46]  [%emt 00:00:13]} 2. d3 {[%clk 01:31:21]  [%emt 00:00:11]} 2...
d6 {[%clk 01:30:27]  [%emt 00:00:41]} 3. Nf3 {[%clk 01:31:38]  [%emt 00:00:45]}
3... g6 {[%clk 01:29:47]  [%emt 00:00:37]} 4. g3 {
[%clk 01:32:02]  [%emt 00:00:24]} 4... Bg7 {[%clk 01:29:53]  [%emt 00:00:09]}
5. Bg2 {[%clk 01:32:26]  [%emt 00:00:20]} 5... Nc6 {
[%clk 01:30:00]  [%emt 00:00:08]} 6. Nbd2 {[%clk 01:32:11]  [%emt 00:00:43]}
6... Nf6 {[%clk 01:28:34]  [%emt 00:01:55]} 7. O-O {
[%clk 01:32:26]  [%emt 00:00:39]} 7... O-O {[%clk 01:28:07]  [%emt 00:01:03]}
8. c3 {[%clk 01:29:33]  [%emt 00:03:09]} 8... e5 {
[%clk 01:23:12]  [%emt 00:05:13]} 9. a4 {[%clk 01:21:15]  [%emt 00:08:46]} 9...
Be6 {[%clk 01:18:04]  [%emt 00:05:35]} 10. Ng5 {
[%clk 01:20:11]  [%emt 00:01:37]} 10... Bd7 {[%clk 01:15:43]  [%emt 00:03:35]}
11. Nc4 {[%clk 01:17:56]  [%emt 00:02:13]} 11... h6 {
[%clk 01:11:15]  [%emt 00:04:43]} 12. Nf3 {[%clk 01:17:50]  [%emt 00:00:36]}
12... Be6 {[%clk 01:11:26]  [%emt 00:00:21]} 13. Ne3 {
[%clk 00:58:23]  [%emt 00:19:57]} 13... d5 {[%clk 01:07:18]  [%emt 00:04:46]}
14. exd5 {[%clk 00:57:14]  [%emt 00:01:36]} 14... Nxd5 {
[%clk 01:06:14]  [%emt 00:01:27]} 15. Re1 {[%clk 00:56:54]  [%emt 00:00:59]}
15... Qc7 {[%clk 00:59:37]  [%emt 00:06:57]} 16. Qc2 {
[%clk 00:54:02]  [%emt 00:03:30]} 16... Rad8 {[%clk 00:57:45]  [%emt 00:02:50]}
17. Nxd5 {[%clk 00:52:37]  [%emt 00:01:20]} 17... Bxd5 {
[%clk 00:57:44]  [%emt 00:00:29]} 18. Be3 {[%clk 00:48:47]  [%emt 00:04:26]}
18... b6 {[%clk 00:57:34]  [%emt 00:00:37]} 19. Rad1 {
[%clk 00:46:52]  [%emt 00:02:32]} 19... Rfe8 {[%clk 00:54:38]  [%emt 00:03:16]}
20. d4 {[%clk 00:35:18]  [%emt 00:12:05]} 20... exd4 {
[%clk 00:42:57]  [%emt 00:12:10]} 21. cxd4 {[%clk 00:35:35]  [%emt 00:00:26]}
21... Bxf3 {[%clk 00:42:41]  [%emt 00:00:32]} 22. Bxf3 {
[%clk 00:35:58]  [%emt 00:00:21]} 22... Nxd4 {[%clk 00:42:41]  [%emt 00:00:23]}
23. Bxd4 {[%clk 00:35:49]  [%emt 00:00:32]} 23... Rxe1+ {
[%clk 00:42:56]  [%emt 00:00:51]} 24. Rxe1 {[%clk 00:36:12]} 24... Rxd4 {
[%clk 00:42:05]  [%emt 00:01:33]} 25. Re8+ {[%clk 00:34:41]  [%emt 00:01:51]}
25... Kh7 {[%clk 00:42:14]} 26. Qe2 {[%clk 00:34:23]  [%emt 00:00:40]} 26...
Rd8 {[%clk 00:39:43]  [%emt 00:03:10]} 27. Re7 {
[%clk 00:33:19]  [%emt 00:01:36]} 27... Rd7 {[%clk 00:39:44]  [%emt 00:00:24]}
28. Re8 {[%clk 00:33:04]  [%emt 00:00:39]} 28... Bf6 {
[%clk 00:38:30]  [%emt 00:02:14]} 29. b3 {[%clk 00:31:52]  [%emt 00:01:10]}
29... Re7 {[%clk 00:36:30]  [%emt 00:02:30]} 30. Rxe7 {
[%clk 00:32:15]  [%emt 00:00:26]} 30... Qxe7 {[%clk 00:36:57]} 31. Qxe7 {
[%clk 00:31:38]  [%emt 00:00:50]} 31... Bxe7 {[%clk 00:37:26]  [%emt 00:00:10]}
32. Bd5 {[%clk 00:31:57]  [%emt 00:00:08]} 32... Kg7 {[%emt 00:00:57]} 1/2-1/2

[Event "V Open Escacs Xàtiva"]
[Site "Xàtiva, Spain"]
[Date "2019.07.16"]
[Round "3.10"]
[White "Calderon Campos, Jose Carlos"]
[Black "Martinez Lopez, Jose Luis"]
[Result "0-1"]
[WhiteElo "1798"]
[BlackElo "1702"]
[PlyCount "63"]
[EventDate "2019.??.??"]

1. e4 {[%clk 01:30:57]  [%emt 00:00:04]} 1... c5 {
[%clk 01:30:52]  [%emt 00:00:28]} 2. Nc3 {[%clk 01:31:02]  [%emt 00:00:12]}
2... d6 {[%clk 01:31:11]  [%emt 00:00:08]} 3. f4 {
[%clk 01:31:12]  [%emt 00:00:13]} 3... Nc6 {[%clk 01:31:27]  [%emt 00:00:19]}
4. Bc4 {[%clk 01:31:10]  [%emt 00:00:26]} 4... Nf6 {
[%clk 01:31:30]  [%emt 00:00:34]} 5. Nf3 {[%clk 01:29:25]  [%emt 00:02:12]}
5... e6 {[%clk 01:27:22]  [%emt 00:04:35]} 6. d3 {[%emt 00:01:57]} 6... Be7 {
[%clk 01:27:36]} 7. O-O {[%clk 01:28:11]  [%emt 00:01:07]} 7... O-O {
[%clk 01:27:57]} 8. Qe1 {[%clk 01:26:41]  [%emt 00:01:35]} 8... a6 {
[%clk 01:28:08]  [%emt 00:00:35]} 9. Bb3 {[%clk 01:18:27]  [%emt 00:09:03]}
9... b5 {[%clk 01:27:31]  [%emt 00:00:31]} 10. Kh1 {
[%clk 01:16:39]  [%emt 00:02:20]} 10... Bb7 {[%clk 01:26:17]  [%emt 00:01:42]}
11. Qg3 {[%clk 01:12:15]  [%emt 00:04:57]} 11... Na5 {
[%clk 01:22:29]  [%emt 00:04:25]} 12. e5 {[%clk 00:56:53]  [%emt 00:15:43]}
12... Nxb3 {[%clk 01:17:47]  [%emt 00:05:18]} 13. axb3 {
[%clk 00:56:14]  [%emt 00:01:06]} 13... Nd5 {[%clk 01:17:56]  [%emt 00:00:41]}
14. Nxd5 {[%clk 00:51:00]  [%emt 00:05:26]} 14... Bxd5 {
[%clk 01:18:16]  [%emt 00:00:05]} 15. Bd2 {[%clk 00:50:09]  [%emt 00:01:20]}
15... b4 {[%clk 01:16:55]  [%emt 00:01:53]} 16. c4 {
[%clk 00:48:47]  [%emt 00:01:50]} 16... bxc3 {[%clk 01:16:55]  [%emt 00:00:49]}
17. Bxc3 {[%clk 00:49:14]} 17... f6 {[%clk 01:09:51]  [%emt 00:07:45]} 18. b4 {
[%clk 00:45:13]  [%emt 00:04:09]} 18... cxb4 {[%clk 00:42:23]  [%emt 00:28:01]}
19. exf6 {[%clk 00:44:45]  [%emt 00:00:49]} 19... Bxf6 {
[%clk 00:42:27]  [%emt 00:00:26]} 20. Bxb4 {[%clk 00:43:01]  [%emt 00:02:33]}
20... Bxb2 {[%clk 00:39:54]  [%emt 00:02:46]} 21. Rae1 {
[%clk 00:43:11]  [%emt 00:00:27]} 21... Bf6 {[%clk 00:39:42]  [%emt 00:00:36]}
22. Ng5 {[%clk 00:42:57]  [%emt 00:00:45]} 22... Bxg5 {
[%clk 00:37:53]  [%emt 00:02:16]} 23. fxg5 {[%clk 00:43:19]  [%emt 00:00:20]}
23... Rxf1+ {[%clk 00:32:41]  [%emt 00:05:51]} 24. Rxf1 {[%clk 00:43:38]} 24...
e5 {[%clk 00:32:36]  [%emt 00:00:51]} 25. d4 {[%clk 00:43:01]  [%emt 00:00:40]}
25... Rb8 {[%clk 00:32:38]  [%emt 00:01:00]} 26. Qa3 {
[%clk 00:42:24]  [%emt 00:00:35]} 26... Qxg5 {[%clk 00:32:13]  [%emt 00:01:07]}
27. Rg1 {[%clk 00:42:49]} 27... h5 {[%clk 00:28:55]  [%emt 00:03:47]} 28. Be1 {
[%clk 00:41:50]  [%emt 00:01:45]} 28... h4 {[%clk 00:25:34]  [%emt 00:03:39]}
29. Qxd6 {[%clk 00:41:21]  [%emt 00:00:49]} 29... Rd8 {
[%clk 00:24:09]  [%emt 00:01:54]} 30. Bd2 {[%clk 00:38:59]  [%emt 00:03:07]}
30... Qxg2+ {[%clk 00:23:13]  [%emt 00:01:11]} 31. Rxg2 {
[%clk 00:39:03]  [%emt 00:00:41]} 31... Rxd6 {[%clk 00:23:33]  [%emt 00:00:04]}
32. Kg1 {[%emt 00:00:26]} 0-1